Movies Quiz

Random Movies or Actor Quiz

Nicolas Cage Needs A Job Quiz Stats

 Plays Quiz Updated Jan 16, 2014

Challenge
Share
Tweet
Embed
Score 0/25 Timer 06:00
0 Plays Today
% Correct
Treasure Hunter
83%
Retired Master Car Thief
70.6%
Angel
68.1%
Crime-Fighting Superhero
67.9%
Sorcerer
67.8%
Ex-Convict
66.3%
Arms Dealer
61.1%
Stunt Motorcyclist
60.1%
Ex-Convict
58.9%
U.S. Marine Sergeant
58.8%
FBI Chemical Weapons Specialist
58.5%
Secret Service Agent
54.6%
Police Officer
51.1%
% Correct
Screenwriter
50.9%
Con Artist
48.2%
Freelance Terrorist (FBI Agent)
47.1%
Police Officer
46%
Police Officer
44.2%
Screenwriter
41.4%
Paramedic
36%
Professor Of Astrophysics
35.4%
Knight
34.5%
Professional Hitman
33.8%
Clairvoyant Magician
33.3%
Private Investigator
30.9%

You're not logged in!

Compare scores with friends on all Sporcle quizzes.
OR
Log In

You Might Also Like...

Show Comments

Extras

Top Quizzes Today


Score Distribution

Your Account Isn't Verified!

In order to create a playlist on Sporcle, you need to verify the email address you used during registration. Go to your Sporcle Settings to finish the process.

Report this User

Report this user for behavior that violates our Community Guidelines.

Details: